000 00870nab a2200265 u 4500
001 07702
003 HDC
007 cr bn ---aaaaa
008 210127c mydr|nes 0 a may d
040 _aHDC
100 _aDr Marco Tieman
_eauthor
_95609
245 0 _aBoosting halal industry via appropriate supply chain /
_cby Dr Marco Tieman
260 _aKuala Lumpur :
_bNEW STRAITS TIMES,
_c2016
300 _a18 page
336 _atext
_2rdacontent
337 _acomputer
_2rdamedia
338 _aonline resource
_2rdacarrier
650 _aEconomy
_91877
650 _aHalal industry
_9144
650 _aHalal logistics
_9143
856 _zRequest full-text at [email protected]
942 _2lcc
942 _cNEWS
942 _kNWSC 001178
999 _c5025
_d5025